| 000 | 00388nam a2200109Ia 4500 | ||
|---|---|---|---|
| 008 | 171204s9999 xx 000 0 und d | ||
| 245 | _aSpecial Integral Functions Used In Wireless Communications Theory: | ||
| 245 | _cNikolay Vasilievich Savischenko | ||
| 260 | _c2014 | ||
| 650 | _xINTRODUCTION TO COMMUNICATION THEORY | ||
| 856 | _uhttp://down.ebook777.com/027/SpeIntFunUseInWirComThe.pdf | ||
| 999 |
_c346079 _d346079 |
||